000 00373pam a2200157a 44500
008 230515b1984 xxu||||| |||| 00| 0 eng d
020 _aNULL
041 _aENGLISH
082 _aN.D.
100 _aTrembly Paul Jean
245 _aAn Introduction Data Structies With Application
250 _a0
260 _aNULL
_bMcgraw Hill
_c1984
300 _a261
650 _aNULL
999 _c570762
_d570762